Journal of Jewish Languages.

Saved in:

Format: Journal

Language: Undetermined

Subjects:

Online Access: Login to view Source

Tags: Add Tag

No Tags, Be the first to tag this record!

Call Number:

LEADER 00509nms a2200181Ia 4500
005 20240402054152.0
008 240131s9999||||xx |||||||||||||||||und||
999 |c 56456  |d 56456 
022 |a 2213-4387 
022 |a 2213-4638 
245 0 0 |a Journal of Jewish Languages. 
336 |2 rdacontent  |a text  |b txt 
337 |2 rdamedia  |a unmediated  |b n 
338 |2 rdacarrier  |a volume  |b n 
500 |a BRILLBRILLJ 
650 4 |a Jewish studies. 
856 |z JJL  |u https://brill.com/view/journals/jjl/jjl-overview.xml 
942 |2 lcc  |c EJL